000 01712cam a2200325 a 4500
001 12744667
005 20210414114052.0
008 020417s2003 maua 001 0 eng
010 _a 2002069596
020 _a0767416813 (acidfree paper)
040 _aDLC
_cDLC
_dDLC
050 0 0 _aP301.5.P47H38
082 0 0 _a808
_221
100 1 _aHatch, Gary Layne.
245 1 0 _aArguing in communities :reading and writing arguments in context. /
_cGary Layne Hatch.
250 _a3rd ed.
260 _aBoston, Mass. :
_bMcGraw-Hill,
_cc2003.
300 _axlvi, 797 + various pagings :
_bill. ;
_c24 cm.
500 _aIncludes index.
505 8 _aContents: Machine-generated contents note: The Essential princiles -- Arguments in context -- Analyzing and evaluating ethos -- Analyzing and evaluating pathos -- Analyzing and evaluating logos -- Writing arguments -- Writing researched arguments -- Types of claims -- Arguing claims about existence -- Arguing claims about causality -- Arguing claims about language -- Arguing claims about values -- Arguing claims about actions -- Arguing with images.
650 0 _aPersuasion (Rhetoric)
650 0 _aReasoning.
650 0 _aCommunication
_xSocial aspects.
650 0 _aRhetoric
_xResearch
_xMethodology.
856 4 2 _3Publisher description
_uhttp://www.loc.gov/catdir/description/mh031/2002069596.html
856 4 1 _3Table of contents
_uhttp://www.loc.gov/catdir/toc/fy034/2002069596.html
906 _a7
_bcbc
_corignew
_d1
_eocip
_f20
_gy-gencatlg
942 _2lcc
_cBK
999 _c1768
_d9268